000 00306nam a2200133Ia 4500
008 100328s9999 xx 000 0 und d
082 _b61434
100 _aLudlum Robert.
245 _aThe Altman Code.
260 _bOrion.
630 _aThe Altman Code.
730 _aThe Altman Code.
942 _cBOOK
999 _c547524
_d547521